书目信息 |
| 题名: |
呼吸病妙用中药
|
|
| 作者: | 张贤媛 编著 | |
| 分册: | ||
| 出版信息: | 南京 江苏科学技术出版社 1997.07 |
|
| 页数: | 185页 | |
| 开本: | 32开 | |
| 丛书名: | ||
| 单 册: | ||
| 中图分类: | R259.6 | |
| 科图分类: | ||
| 主题词: | 中医内科 , 中医内科学 | |
| 电子资源: | ||
| ISBN: | 7-5345-2377-X | |
| 000 | 00595nam0 2200205 45 | |
| 001 | 0011021907 | |
| 005 | 20001102195736.4 | |
| 010 | @a7-5345-2377-X@d8.80元 | |
| 100 | @a20001102d1997 km y0chiy0120 ea | |
| 101 | 0 | @achi |
| 105 | @a z 000yy | |
| 200 | 1 | @a呼吸病妙用中药@AHu Xi Bing Miao Yong Zhong Yao@f张贤媛等编著@FZhang Xian Yuan Deng Bian Zhu |
| 210 | @a南京@c江苏科学技术出版社@d1997.07 | |
| 215 | @a185页@d32开 | |
| 606 | 0 | @a中医内科 |
| 606 | 0 | @a中医内科学 |
| 690 | @aR259.6@v3 | |
| 701 | 0 | @a张贤媛@4编著 |
| 801 | @aCN@bPftUser@c20001102 | |
| 905 | @b197001-003@dR259.6@eZH928@f3 | |
| 呼吸病妙用中药/张贤媛等编著.-南京:江苏科学技术出版社,1997.07 |
| 185页;32开 |
| ISBN 7-5345-2377-X:8.80元 |
| ● |
| 相关链接 |
|
|
|
正题名:呼吸病妙用中药
索取号:R259.6/ZH928
 
预约/预借
| 序号 | 登录号 | 条形码 | 馆藏地/架位号 | 状态 | 备注 |
| 1 | 197001 | 201970019 | 自科库401/401自科库 11排4列3层/ [索取号:R259.6/ZH928] | 在馆 | |
| 2 | 197002 | 201970028 | 自科库401/401自科库 11排4列3层/ [索取号:R259.6/ZH928] | 在馆 | |
| 3 | 197003 | 201970037 | 自科库401/401自科库 11排4列3层/ [索取号:R259.6/ZH928] | 在馆 |